All aircraft ever used by the Swedish Air Force 2.0 - Statistics

General Stats
  • This quiz has been taken 4 times
  • The average score is 33 of 164
Answer Stats
Role Answer Origin % Correct
Multirole JAS 39 Gripen Sweden
100%
Bomber B 1 Italy
75%
Bomber B 2 Italy
75%
Bomber B 3 Germany
75%
Bomber B 5 USA
75%
Bomber B 6 USA
75%
Helicopter Hkp 16 Black Hawk USA
75%
Helicopter Hkp 2 Alouette France
75%
Bomber B 17 Sweden
50%
Bomber B 18 Sweden
50%
Helicopter Hkp 10 Super Puma France
50%
Helicopter Hkp 4 Vertol USA
50%
Fighter J 2 France
50%
Fighter J 22 Sweden
50%
Fighter J 26 Mustang USA
50%
Fighter J 3 Netherlands
50%
Fighter J 33 Venom UK
50%
Fighter J 34 Hunter UK
50%
Fighter J 35 Draken Sweden
50%
Fighter JA 37 Jaktviggen Sweden
50%
Test aircraft P 1 Sparmannjagaren Sweden
50%
Test aircraft P 2 Stieglitz Germany
50%
Test aircraft P 4 Storch Germany
50%
Test aircraft P 5 Hampden UK
50%
Test aircraft P 6 Weihe Germany
50%
Recce S 31 Spitfire UK
50%
Trainer Sk 1 Germany
50%
Trainer Sk 16 Texan USA
50%
Trainer Sk 50 Safir Sweden
50%
Trainer Sk 6 Germany
50%
Trainer Sk 60 Sweden
50%
Torpedo T 1 Germany
50%
Torpedo T 2 Germany
50%
Transport Tp 47 Catalina USA
50%
Attacker A 21 Sweden
25%
Attacker A 32A Lansen Sweden
25%
Attacker AJ 37 Viggen Sweden
25%
Multirole AJS 37 Viggen Sweden
25%
Bomber B 16 Caproni Italy
25%
Bomber B 4 Hart UK
25%
Helicopter Hkp 1 USA
25%
Helicopter Hkp 11 USA
25%
Helicopter Hkp 14 Multinational
25%
Helicopter Hkp 15 Italy
25%
Helicopter Hkp 3 USA
25%
Helicopter Hkp 5 USA
25%
Helicopter Hkp 6 Jet ranger USA
25%
Helicopter Hkp 9 Germany
25%
Fighter J 1 Austria
25%
Fighter J 11 Italy
25%
Fighter J 20 Italy
25%
Fighter J 21 Sweden
25%
Fighter J 28 Vampire UK
25%
Fighter J 29 Tunnan Sweden
25%
Fighter J 30 Mosquito UK
25%
Fighter J 9 USA
25%
Trainer Ö 1 Tummelisa Sweden
25%
Recce S 1 Sweden
25%
Recce S 6 Netherlands
25%
Recce S 8 Skolfalken Sweden
25%
Trainer Sk 10 Germany
25%
Trainer Sk 11 Tiger Moth UK
25%
Trainer Sk 12 Stieglitz Germany
25%
Trainer Sk 14 USA
25%
Trainer Sk 15 Germany
25%
Trainer Sk 2 Germany
25%
Trainer Sk 25 Bestmann Germany
25%
Trainer Sk 3 Germany
25%
Trainer Sk 37 Viggen Sweden
25%
Trainer Sk 4 UK
25%
Trainer Sk 40 Germany
25%
Trainer Sk 5 Germany
25%
Trainer Sk 7 UK
25%
Trainer Sk 8 Skolfalken Sweden
25%
Trainer Sk 9 UK
25%
Transport Tp 1 Germany
25%
Transport Tp 10 Netherlands
25%
Transport Tp 11 Poland
25%
Transport Tp 16 Caproni Italy
25%
Transport Tp 2 Germany
25%
Transport Tp 3 Dragonfly UK
25%
Transport Tp 4 USA
25%
Transport Tp 5 Germany
25%
Transport Tp 52 Canberra UK
25%
Transport Tp 6 USA
25%
Transport Tp 7 UK
25%
Transport Tp 8 USA
25%
Transport Tp 84 Hercules USA
25%
Transport Tp 9 Germany
25%
Attacker A 1 Dront Sweden
0%
Attacker A 21RB Sweden
0%
Attacker A 29B Tunnan Sweden
0%
Multirole AJSF 37 Viggen Sweden
0%
Multirole AJSH 37 Viggen Sweden
0%
Glider G 101 Germany
0%
Fighter J 10 USA
0%
Fighter J 21RA
0%
Fighter J 32B Lansen Sweden
0%
Fighter J 4 Germany
0%
Fighter J 5 Jaktfalken Sweden
0%
Fighter J 6 Jaktfalken Sweden
0%
Fighter J 7 Bulldog UK
0%
Fighter J8 Gladiator UK
0%
Glider Lg 105 Sweden
0%
Trainer Ö 2 Germany
0%
Trainer Ö 3 UK
0%
Trainer Ö 4 Dront Sweden
0%
Trainer Ö 5 Dront Sweden
0%
Trainer Ö 6 UK
0%
Trainer Ö 7 Piraten Sweden
0%
Trainer Ö 8 Övningsfalken Sweden
0%
Trainer Ö 9 Sweden
0%
Test aircraft P 3 Sweden
0%
Test aircraft P 7 Sweden
0%
Test aircraft P 8 Sweden
0%
AEW&C S100D Argus Sweden
0%
SIGINT S102B Korpen USA
0%
AEW&C S106 Globaleye Sweden
0%
Recce S 12 Germany
0%
Recce S 14 Storch Germany
0%
Recce S 16 Caproni Italy
0%
Recce S 17B Sweden
0%
Recce S 18A Sweden
0%
Recce S 22 Sweden
0%
Recce S 26 Mustang USA
0%
Recce S 29C Tunnan Sweden
0%
Recce S 2 Hansa Germany
0%
Recce S 32C Lansen Sweden
0%
Recce S 35E Draken Sweden
0%
Recce S 3 Hansa Germany
0%
Recce S 4 Hansa Germany
0%
Recce S 5 Hansa Germany
0%
Recce S 7 Hart UK
0%
Recce S 9 Osprey UK
0%
Glider Se 102 Germany
0%
Glider Se 103 Germany
0%
Glider Se 104 Germany
0%
Recce SF 37 Viggen Sweden
0%
Recce SH 37 Viggen Sweden
0%
Trainer Sk 35C Draken Sweden
0%
Trainer Sk 61 Bulldog Sweden
0%
Torpedo T 16 Caproni Italy
0%
Torpedo T 18B Sweden
0%
Transport Tp 100 Sweden
0%
Transport Tp 101 King air USA
0%
Transport Tp 102 USA
0%
Transport Tp 103 USA
0%
Transport Tp 106 Canada
0%
Transport Tp 24 Germany
0%
Transport Tp 45 USA
0%
Transport Tp 46 Dove UK
0%
Transport Tp 54 USA
0%
Transport Tp 55 Caribou Canada
0%
Transport Tp 78 Norseman Canada
0%
Transport Tp 79 USA
0%
Transport Tp 80 Lancaster UK
0%
Transport Tp 81 Goose USA
0%
Transport Tp 82 Varsity UK
0%
Transport Tp 83 Pembroke UK
0%
Transport Tp 85 Caravelle France
0%
Transport Tp 86 Sabreliner USA
0%
Transport Tp 87 USA
0%
Transport Tp 88 USA
0%
Transport Tp 91 Safir Sweden
0%
No matching quizzes found
Score Distribution
Percent of People with Each Score
Percentile by Number Answered
Your Score History
You have not taken this quiz